00820nam a2200205 a 4500001001000000003000500010005001700015008004100032010001100073011001100084040000900095100002900104245018400133260004100317500006000358502007700418650002500495650002400520856007000544000112517CHAP20220329144310.0160608s2016 mx sm |||||||spa d a108978 a109950 cCHAP1 aSimón Aguilar, Xochitl10aEvaluación de rendimiento en 16 variedades de frijol (Phaseolus vulgaris L.) en la comunidad de San Miguel Progreso, Tlaxiaco, Oaxacah[En línea]cpor Xochitl Simón Aguilar. aChapingo, Méx. :bEl autor,c2016. aPara ver el contenido del material haga clic en la liga aTesis (Ing. Agr. Esp. en Fitotecnia) -- UACH. Departamento de Fitotecnia14aFrijolxRendimiento.14aFrijolxVariedades. aFinding aiduhttp://10.13.5.2/tesis/sist112517.pdfzTeclea aquí